000 00547nam a2200217Ia 4500
003 OSt
005 20220928145505.0
006 a|||||r|||| 00| 0
007 ta
008 220927b |||||||| |||| 00| 0 eng d
024 _a80833
037 _cTextual
040 _aSDCL
_cSDCL
_beng
041 _2eng
_aeng
082 _aV58'D, K2
100 _aClarkson Jesse D
_9513192
245 0 _aHistory of Russia from the ninth century
260 _c1962
942 _hV58'D, K2
_cTEXL
_2CC
999 _c833840
_d833840